000
00316nam a2200097Ia 4500
005
20250424112910.0
008
250424s9999 xx 000 0 und d
300
_a
iii, 142 p. :ill. ; 29 cm.
650
_a
Transportation--Nigeria--Management--Periodicals. Transportation engineering--Nigeria--Periodicals.
942
_c
SR
999
_c
37765
_d
37765